الإسلام في وجه الزحف الأحمر / (Record no. 14159)
[ view plain ]
| 000 -الفاتح | |
|---|---|
| حقل البيانات ثابتة الطول | 00713nam a22001577a 4500 |
| 008 - عناصر البيانات ثابتة الطول - معلومات عامة | |
| حقل البيانات ثابتة الطول | 100622s1987Ua|||||r|||| 000 0 ara d |
| 082 ## - رقم تصنيف ديوى العشرى | |
| رقم الطبعة | 22 |
| رقم التصنيف | 214.32 |
| رقم المادة | غ ز ا |
| 100 ## - المدخل الرئيسى - إسم شخصى | |
| 9 (RLIN) | 15045 |
| الإسم الشخصى | الغزالي، محمد |
| 245 ## - بيان العنوان | |
| العنوان | الإسلام في وجه الزحف الأحمر / |
| بيان المسئوليه,etc | محمد الغزالي |
| 260 ## - PUBLICATION, DISTRIBUTION, ETC. (IMPRINT) | |
| مكان الناشر او الموزع | القاهرة : |
| اسم الناشر او الموزع | دار الريان للتراث ، |
| تاريخ النشر أو التوزيع | 1987 |
| 300 ## - الوصف المادى | |
| التعداد | 195ص ؛ |
| أبعاد الوعاء | 24 سم |
| 500 ## - تبصرة عامة | |
| تبصرة عامة | إهداء: علاء عبد الغني |
| 650 ## - المدخل الاضافى بالموضوع-مصطلح موضوعى | |
| 9 (RLIN) | 15046 |
| مصطلح موضوعي أو اسم جغرافي كعنصر مدخل | الإسلام والشيوعية |
| 942 ## - عناصر المدخل الإضافي( كوها) | |
| مصدر التصنيف او مخطط الترفيف | Dewey Decimal Classification |
| Koha [default] item type | Book - Borrowing |
| حالة التراجع | حالة الفقد | مصدر التصنيف او خطة الترفيف | حالة تلف | ليس للاعارة | مجموعات كوها | المكان الدائم | المكان الحالي | موقع الترفيف | تاريخ الاكتساب | Source of acquisition | رقم الاستدعاء | الباركود | Date last seen | مُعار | نوع الوعاء |
|---|---|---|---|---|---|---|---|---|---|---|---|---|---|---|---|
| Dewey Decimal Classification | Central Library | Central Library | Lower Floor | 11/08/2010 | Donation | 214.32 غ ز ا | 000021071 | 15/07/2025 | 05/02/2013 | Book - Borrowing |